[Event "SK Münster 4 - SK Münster 5"]
[Site "Verbandsliga 2015/2016"]
[Date "2015.09.12"]
[Round "1.1"]
[White "Haberkamp, Carl"]
[Black "Schulz, Stefan"]
[Result "1-0"]
[WhiteElo "1894"]
[BlackElo "1921"]
[PlyCount "120"]
[EventDate "2015.??.??"]
[SourceDate "2015.09.20"]

1. d4 Nf6 2. c4 g6 3. Nc3 d5 4. cxd5 Nxd5 5. Bd2 Bg7 6. e4 Nb6 7. Be3 O-O 8. h3
e5 9. Nf3 exd4 10. Bxd4 Nc6 11. Bxg7 Qxd1+ 12. Rxd1 Kxg7 13. Bb5 Bd7 14. O-O a6
15. Bxc6 Bxc6 16. Ne5 Bxe4 17. Nxe4 Rfe8 18. f4 f6 19. Nd7 Rxe4 20. Nxb6 cxb6
21. Rd7+ Kh6 22. f5 Rc8 23. fxg6 hxg6 24. Rxf6 Rc1+ 25. Kh2 Rc6 26. Rf2 Rec4
27. Rxb7 b5 28. Kg3 Rd6 29. Rbf7 Rd3+ 30. R7f3 Rxf3+ 31. Kxf3 g5 32. b3 Rd4 33.
Ke3 Rd6 34. Ke4 a5 35. Ke3 a4 36. Rf5 Re6+ 37. Kf3 b4 38. Rb5 Rf6+ 39. Ke3 Re6+
40. Kd3 Rd6+ 41. Kc4 Rd2 42. Kxb4 axb3 43. Kxb3 Rxg2 44. Rc5 Kh5 45. a4 Kh4 46.
Rc3 Rg1 47. a5 Ra1 48. Kb4 Rb1+ 49. Rb3 Rxb3+ 50. Kxb3 Kxh3 51. a6 g4 52. a7 g3
53. a8=Q g2 54. Qf3+ Kh2 55. Qf2 Kh1 56. Qh4+ Kg1 57. Kc3 Kf1 58. Qf4+ Ke2 59.
Qg3 Kf1 60. Qf3+ Kg1 1-0

[Event "SK Münster 4 - SK Münster 5"]
[Site "Verbandsliga 2015/2016"]
[Date "2015.09.12"]
[Round "1.2"]
[White "Jansen, Dirk"]
[Black "Austrup, David"]
[Result "1/2-1/2"]
[WhiteElo "1924"]
[BlackElo "1867"]
[PlyCount "134"]
[EventDate "2015.??.??"]
[SourceDate "2015.09.20"]

1. c4 e5 2. Nc3 Nc6 3. Nf3 Nf6 4. d4 exd4 5. Nxd4 Bb4 6. Bg5 Ne5 7. f4 Ng6 8.
g3 h6 9. Bxf6 Qxf6 10. Bg2 O-O 11. Qd3 c6 12. O-O d6 13. Rad1 Bg4 14. h3 Bc8
15. Ne4 Qd8 16. Nc2 Qb6+ 17. Kh2 d5 18. cxd5 cxd5 19. Qxd5 Be7 20. Qb3 Qa6 21.
Nd4 Bd7 22. Nc3 Rab8 23. Be4 Bc5 24. Ndb5 Be6 25. Bd5 Bxd5 26. Rxd5 Rbc8 27. e4
Ne7 28. Rdd1 Qg6 29. f5 Qf6 30. Nd5 Nxd5 31. exd5 Rfe8 32. Nc3 Bd6 33. Rf3 Re7
34. Rdf1 h5 35. Nb5 Bc5 36. Nc3 Rce8 37. Qc4 Bd6 38. Kg2 a6 39. a3 b5 40. Qh4
Qxh4 41. gxh4 Re5 42. f6 g6 43. Rd3 Kh7 44. Rd2 g5 45. Rff2 gxh4 46. Rde2 Rxe2
47. Rxe2 Rxe2+ 48. Nxe2 Kg6 49. Kf3 Kxf6 50. Ke4 a5 51. Nd4 b4 52. a4 Be5 53.
Nc6 Bxb2 54. Nxa5 Kg5 55. Nc4 f5+ 56. Kf3 Bd4 57. a5 b3 58. a6 Kf6 59. Kf4 Bc5
60. Nb2 Bd6+ 61. Kf3 Bb8 62. Nc4 b2 63. Nxb2 Ke5 64. Nd3+ Kxd5 65. Nf4+ Kc6 66.
Nxh5 Kb6 67. Ng7 f4 1/2-1/2

[Event "SK Münster 4 - SK Münster 5"]
[Site "Verbandsliga 2015/2016"]
[Date "2015.09.12"]
[Round "1.3"]
[White "Sroka, Andre"]
[Black "Tietz, Eric"]
[Result "1-0"]
[WhiteElo "1809"]
[BlackElo "1906"]
[PlyCount "60"]
[EventDate "2015.??.??"]
[SourceDate "2015.09.20"]

1. e4 e5 2. Nf3 Nc6 3. Bb5 a6 4. Bxc6 dxc6 5. O-O Bg4 6. h3 h5 7. d3 Qf6 8. Be3
Bxf3 9. Qxf3 Qxf3 10. gxf3 Bd6 11. Nd2 Ne7 12. Nc4 Ng6 13. a4 O-O-O 14. Rfb1 f5
15. Kf1 f4 16. Bd2 Nf8 17. Ke2 Ne6 18. Bc3 Ng5 19. Rg1 Nxh3 20. Nxd6+ cxd6 21.
Rg6 Rdg8 22. Rh1 Ng5 23. Rxg5 g6 24. d4 exd4 25. Bxd4 Rh6 26. Rh4 Kc7 27. Rxf4
h4 28. Rf7+ Kc8 29. Rg2 g5 30. Rg7 Rg6 1-0

[Event "SK Münster 4 - SK Münster 5"]
[Site "Verbandsliga 2015/2016"]
[Date "2015.09.12"]
[Round "1.4"]
[White "Wolffgang, Georg"]
[Black "Stumpe, Danny"]
[Result "1-0"]
[WhiteElo "1879"]
[BlackElo "1708"]
[PlyCount "43"]
[EventDate "2015.??.??"]
[SourceDate "2015.09.20"]

1. d4 g6 2. e4 d6 3. Nc3 Bg7 4. Be3 Nd7 5. Qd2 e5 6. Nf3 a6 7. dxe5 Nxe5 8.
Nxe5 Bxe5 9. f4 Bg7 10. Bc4 Bd7 11. Bd4 Bxd4 12. Qxd4 Qf6 13. e5 dxe5 14. fxe5
Qg7 15. O-O Be6 16. Rad1 Nh6 17. Bxe6 fxe6 18. Rf6 Nf7 19. Qd7+ Kf8 20. Rdf1
Kg8 21. Rxf7 Qxe5 22. Qe7 1-0

[Event "SK Münster 4 - SK Münster 5"]
[Site "Verbandsliga 2015/2016"]
[Date "2015.09.12"]
[Round "1.5"]
[White "Sokolowski, Cyril"]
[Black "Voß, Norbert"]
[Result "1-0"]
[WhiteElo "1725"]
[BlackElo "1846"]
[PlyCount "70"]
[EventDate "2015.??.??"]
[SourceDate "2015.09.20"]

1. e4 d6 2. d4 Nf6 3. Nc3 c6 4. Be2 Qa5 5. f3 e5 6. Be3 Be7 7. Qd2 Be6 8. Rd1
O-O 9. Nh3 h6 10. Nf2 Nbd7 11. g4 d5 12. dxe5 Nxe5 13. Kf1 dxe4 14. Ncxe4 Qc7
15. g5 Nxe4 16. Nxe4 Rad8 17. Qc3 Rxd1+ 18. Bxd1 hxg5 19. Nxg5 Bd5 20. Rg1 g6
21. Be2 c5 22. b3 a6 23. f4 Nd7 24. Qe1 Bxg5 25. Rxg5 Re8 26. Qg3 Qd6 27. Bd3
Kf8 28. Qh3 Ke7 29. Qh4 Nf6 30. c4 Kd7 31. Qf2 Be4 32. Bxe4 Rxe4 33. Qf3 Qd3+
34. Kf2 Qc2+ 35. Qe2 Qc3 1-0

[Event "SK Münster 4 - SK Münster 5"]
[Site "Verbandsliga 2015/2016"]
[Date "2015.09.12"]
[Round "1.6"]
[White "Börger, Andreas"]
[Black "Hundehege, Tobias"]
[Result "1-0"]
[WhiteElo "1811"]
[BlackElo "1753"]
[PlyCount "41"]
[EventDate "2015.??.??"]
[SourceDate "2015.09.20"]

1. c4 c5 2. Nc3 Nf6 3. e4 d6 4. f4 e6 5. Nf3 Nc6 6. Bd3 Be7 7. O-O O-O 8. Kh1
d5 9. e5 Ne8 10. b3 f5 11. cxd5 exd5 12. Nxd5 Be6 13. Nxe7+ Nxe7 14. Qc2 h6 15.
Bc4 Nc7 16. Ba3 b6 17. b4 cxb4 18. Bxb4 a5 19. Bd6 Kh8 20. Nh4 Rc8 21. Bxe7 1-0

[Event "SK Münster 4 - SK Münster 5"]
[Site "Verbandsliga 2015/2016"]
[Date "2015.09.12"]
[Round "1.7"]
[White "Baumann, Eva"]
[Black "Schlagheck, Thomas"]
[Result "1-0"]
[WhiteElo "1595"]
[BlackElo "1680"]
[PlyCount "77"]
[EventDate "2015.??.??"]
[SourceDate "2015.09.20"]

1. e4 c5 2. Nc3 Nc6 3. Bb5 a6 4. Bxc6 bxc6 5. f4 d5 6. d3 e6 7. Nf3 Nf6 8. O-O
Be7 9. Qe1 d4 10. Ne2 O-O 11. Qg3 Nh5 12. Qh3 Nxf4 13. Nxf4 e5 14. Qg3 exf4 15.
Bxf4 Qd7 16. Ne5 Qe6 17. h3 Bd6 18. Ng4 Bxf4 19. Rxf4 Qg6 20. Qf3 Bxg4 21. Rxg4
Qe6 22. Qg3 g6 23. Rh4 f5 24. b3 fxe4 25. Rxe4 Qf6 26. Rae1 Ra7 27. Re6 Qf5 28.
R6e5 Qf6 29. Rxc5 a5 30. Qe5 Qf2+ 31. Kh2 Raf7 32. Qe6 Kg7 33. Qe5+ Kg8 34.
Rxc6 Rf5 35. Qe2 Qf4+ 36. Kh1 Rg5 37. Rg1 Qg3 38. Qe4 Rf3 39. Qxf3 1-0

[Event "SK Münster 4 - SK Münster 5"]
[Site "Verbandsliga 2015/2016"]
[Date "2015.09.12"]
[Round "1.8"]
[White "Voß, Andreas"]
[Black "Altgelt, Max"]
[Result "1-0"]
[WhiteElo "1593"]
[BlackElo "1771"]
[PlyCount "51"]
[EventDate "2015.??.??"]
[SourceDate "2015.09.20"]

1. d4 Nf6 2. Bg5 g6 3. Bxf6 exf6 4. e3 Bg7 5. c4 d6 6. g3 O-O 7. Bg2 f5 8. Qc2
c5 9. Ne2 Qb6 10. Nbc3 cxd4 11. Nd5 Qd8 12. exd4 Nc6 13. Rd1 Re8 14. O-O Be6
15. Ndf4 Bd7 16. a3 Rc8 17. b4 b5 18. c5 a5 19. d5 Ne5 20. c6 axb4 21. axb4 Rc7
22. Qa2 Bc8 23. Nd4 f6 24. Nxb5 Rf7 25. Ne6 Qb6 26. Nxd6 1-0

[Event "TV Borken 1 - SV Heiden 1"]
[Site "Verbandsliga 2015/2016"]
[Date "2015.09.12"]
[Round "1.1"]
[White "Berger, Alfred"]
[Black "Schulze-Schwering, Philipp"]
[Result "0-1"]
[WhiteElo "1983"]
[BlackElo "2056"]
[PlyCount "142"]
[EventDate "2015.??.??"]
[SourceDate "2015.09.20"]

1. e4 d6 2. d4 Nf6 3. Nc3 g6 4. Be3 Bg7 5. Qd2 Ng4 6. Bg5 h6 7. Bh4 Nd7 8. Nd5
Ngf6 9. O-O-O g5 10. Bg3 Nxe4 11. Qe3 Nef6 12. Nc3 Nb6 13. h4 g4 14. h5 c6 15.
Nge2 Nbd5 16. Nxd5 Nxd5 17. Qe4 Nf6 18. Qe3 Nd5 19. Qe4 Be6 20. a3 Qa5 21. Nf4
Nxf4 22. Qxf4 Bf6 23. Bh4 Bxh4 24. Rxh4 Qg5 25. g3 Qxf4+ 26. gxf4 f5 27. Bd3
Kf7 28. c4 Kf6 29. Kc2 Bf7 30. Kc3 Rae8 31. Bc2 Rd8 32. Rhh1 e5 33. fxe5+ dxe5
34. dxe5+ Kxe5 35. Rde1+ Kf6 36. f3 Rhe8 37. fxg4 Rxe1 38. Rxe1 fxg4 39. Rf1+
Ke7 40. Re1+ Kf6 41. Rf1+ Ke7 42. Re1+ Kd6 43. Bf5 g3 44. b4 Rg8 45. Bh3 Bxh5
46. Re6+ Kc7 47. Bg2 Bg6 48. Re7+ Kc8 49. b5 Be8 50. a4 h5 51. Rh7 Rf8 52. Kb4
Rf2 53. Bh3+ Kd8 54. Rxb7 Rf7 55. Rb8+ Ke7 56. c5 Bd7 57. Rb7 Kf6 58. Bg2 h4
59. Rxa7 cxb5 60. axb5 h3 61. Ra6+ Kg5 62. Ra3 Kh4 63. Bd5 Rf4+ 64. Ka5 Rf5 65.
Ra4+ Kg5 66. Rd4 Bxb5 67. Kxb5 g2 68. Bxg2 hxg2 69. Rd1 Rf1 70. Rd8 g1=Q 71.
Rg8+ Kf6 0-1

[Event "TV Borken 1 - SV Heiden 1"]
[Site "Verbandsliga 2015/2016"]
[Date "2015.09.12"]
[Round "1.2"]
[White "Schroer, Klaus"]
[Black "Wienen, Hermann"]
[Result "1-0"]
[WhiteElo "2045"]
[BlackElo "1955"]
[PlyCount "87"]
[EventDate "2015.??.??"]
[SourceDate "2015.09.20"]

1. e4 e5 2. Nf3 Nc6 3. Bb5 a6 4. Ba4 Nf6 5. O-O b5 6. Bb3 Be7 7. d4 d6 8. c3
O-O 9. Qe2 Bg4 10. Be3 Na5 11. Bc2 Nc4 12. b3 Nxe3 13. Qxe3 Nd7 14. Nbd2 c5 15.
a4 cxd4 16. cxd4 Rc8 17. Rfc1 exd4 18. Nxd4 Bf6 19. Rab1 Qb6 20. Nf5 Bxf5 21.
exf5 Bd4 22. Qe1 Rfe8 23. Qf1 Nf6 24. axb5 axb5 25. h3 Nd5 26. Bd3 Nc3 27. Ra1
h6 28. Re1 Nd5 29. Rxe8+ Rxe8 30. Rd1 Nc3 31. Rc1 d5 32. Kh1 Bxf2 33. b4 Be3
34. Re1 Ra8 35. Nb3 Ra3 36. Nc5 Bxc5 37. bxc5 Qxc5 38. Re8+ Kh7 39. f6+ g6 40.
Qc1 Ra1 41. Qxa1 Qd4 42. Qf1 b4 43. Rf8 Qa7 44. Qc1 1-0

[Event "TV Borken 1 - SV Heiden 1"]
[Site "Verbandsliga 2015/2016"]
[Date "2015.09.12"]
[Round "1.3"]
[White "Ehrlich, Hans-Georg"]
[Black "Beckmann, David"]
[Result "1/2-1/2"]
[WhiteElo "1804"]
[BlackElo "1991"]
[PlyCount "94"]
[EventDate "2015.??.??"]
[SourceDate "2015.09.20"]

1. b4 d5 2. Bb2 Bg4 3. d4 Nf6 4. Nd2 e6 5. a3 c6 6. Ngf3 Nbd7 7. c4 Bxf3 8.
exf3 Bd6 9. Bd3 O-O 10. O-O a5 11. b5 Re8 12. Re1 Rc8 13. Qa4 Bf4 14. Qd1 dxc4
15. Bxc4 c5 16. g3 Bh6 17. f4 Nb6 18. dxc5 Rxc5 19. Qe2 Nxc4 20. Nxc4 Qd5 21.
Ne3 Qh5 22. Bxf6 Qxe2 23. Rxe2 gxf6 24. a4 Rec8 25. Rd2 Bf8 26. Kg2 Rc3 27.
Raa2 Bc5 28. Nc2 b6 29. Ne1 Rc4 30. Rdc2 Rd4 31. Nf3 Rd1 32. Nd2 f5 33. Nb3 Rd5
34. Rc4 Kf8 35. Rac2 Ke7 36. Nd4 Kd6 37. Nc6 Rc7 38. Kh3 f6 39. Re2 Rc8 40. Kg2
Re8 41. Rc1 Rd3 42. Rc4 Rd5 43. Rcc2 h5 44. h4 e5 45. Rc1 Rg8 46. Rc4 Re8 47.
Rcc2 Rg8 1/2-1/2

[Event "TV Borken 1 - SV Heiden 1"]
[Site "Verbandsliga 2015/2016"]
[Date "2015.09.12"]
[Round "1.4"]
[White "Farwick, Christian"]
[Black "Sicking, Norbert"]
[Result "1-0"]
[WhiteElo "1828"]
[BlackElo "1780"]
[PlyCount "73"]
[EventDate "2015.??.??"]
[SourceDate "2015.09.20"]

1. Nf3 d5 2. d4 Nf6 3. Bf4 Nbd7 4. e3 e6 5. Nbd2 Be7 6. c3 a5 7. h3 c6 8. Bd3
c5 9. O-O O-O 10. b3 b6 11. Qe2 Bb7 12. Rfc1 Ne8 13. Ne5 Nxe5 14. dxe5 f5 15.
exf6 Nxf6 16. Nf3 Bd6 17. Rd1 Qe7 18. Bxd6 Qxd6 19. e4 Qd7 20. e5 Ne8 21. Ng5
g6 22. Qg4 Bc8 23. h4 Qe7 24. f4 Kg7 25. h5 Bd7 26. Kf2 h6 27. Nf3 g5 28. g3
Kh8 29. Ke2 gxf4 30. gxf4 Qf7 31. Nh4 Qg7 32. Ng6+ Kg8 33. Rg1 Rf7 34. Qh4 c4
35. bxc4 dxc4 36. Be4 Rc8 37. Ne7+ 1-0

[Event "TV Borken 1 - SV Heiden 1"]
[Site "Verbandsliga 2015/2016"]
[Date "2015.09.12"]
[Round "1.5"]
[White "Vestrick, Frank"]
[Black "Theißen, Frank"]
[Result "1-0"]
[WhiteElo "1728"]
[BlackElo "1752"]
[PlyCount "67"]
[EventDate "2015.??.??"]
[SourceDate "2015.09.20"]

1. d4 d5 2. c4 e6 3. Nc3 Nf6 4. Nf3 c6 5. Bg5 Nbd7 6. e3 Qa5 7. Nd2 Bb4 8. Qc2
Ne4 9. Ndxe4 dxe4 10. Bf4 O-O 11. Be2 e5 12. dxe5 Nxe5 13. Bxe5 Qxe5 14. Rc1 f5
15. Qb3 c5 16. O-O Bxc3 17. Qxc3 Qxc3 18. Rxc3 Rd8 19. Rcc1 Rd2 20. Bd1 Rxb2
21. Bb3 Be6 22. Rfd1 a5 23. Rd6 Kf7 24. Bd1 Rxa2 25. Rb1 Rb8 26. Rdb6 Bxc4 27.
Rc1 Bd3 28. Bb3+ c4 29. Bxa2 Kf8 30. h3 a4 31. Rc3 g6 32. Kh2 Be2 33. Kg3 Bd1
34. Rxc4 1-0

[Event "TV Borken 1 - SV Heiden 1"]
[Site "Verbandsliga 2015/2016"]
[Date "2015.09.12"]
[Round "1.6"]
[White "Rickert, Berthold"]
[Black "Wetter, Ralf"]
[Result "0-1"]
[WhiteElo "1803"]
[BlackElo "1857"]
[PlyCount "58"]
[EventDate "2015.??.??"]
[SourceDate "2015.09.20"]

1. c4 Nf6 2. Nc3 g6 3. g3 Bg7 4. Bg2 O-O 5. d4 d6 6. e4 Nbd7 7. Nge2 e5 8. d5
a5 9. O-O Nc5 10. Be3 Nfd7 11. Na4 f5 12. Nxc5 Nxc5 13. Nc3 f4 14. Bxc5 dxc5
15. g4 Qh4 16. f3 h5 17. h3 Ra6 18. Qe1 Qe7 19. Rd1 Bf6 20. Rd3 Bh4 21. Qe2 Bg3
22. Rfd1 Qh4 23. d6 Rxd6 24. Rxd6 cxd6 25. Rxd6 Kg7 26. Rd5 hxg4 27. hxg4 Bxg4
28. fxg4 Qh2+ 29. Kf1 f3 0-1

[Event "TV Borken 1 - SV Heiden 1"]
[Site "Verbandsliga 2015/2016"]
[Date "2015.09.12"]
[Round "1.7"]
[White "Niewerth, Gerd"]
[Black "Vijayakumaran, Vithoosan"]
[Result "0-1"]
[WhiteElo "1758"]
[BlackElo "1674"]
[PlyCount "92"]
[EventDate "2015.??.??"]
[SourceDate "2015.09.20"]

1. e4 d5 2. exd5 Qxd5 3. d4 Nf6 4. c4 Qd8 5. Nc3 c6 6. Nf3 Bg4 7. Be2 Nbd7 8.
Be3 e6 9. O-O Be7 10. Qb3 Qb6 11. Qc2 Qa5 12. a3 Qf5 13. Qb3 Rb8 14. Qa4 O-O
15. b4 Nh5 16. d5 Bf6 17. Rac1 exd5 18. cxd5 cxd5 19. Rfd1 Bxc3 20. Rxc3 Ndf6
21. Qxa7 Nf4 22. Bxf4 Qxf4 23. h3 Bf5 24. Qd4 Ne4 25. Re3 Be6 26. Qe5 Qxe5 27.
Nxe5 Rfc8 28. f3 Nc3 29. Ra1 d4 30. Re4 f5 31. Rh4 Nxe2+ 32. Kf1 Rc2 33. Re1
Ng3+ 34. Kg1 Rd8 35. Kh2 Ne2 36. Nd3 Bc4 37. Ne5 Bb5 38. a4 Bxa4 39. Ra1 b5 40.
Nd3 Rd6 41. Nc5 d3 42. Nxa4 bxa4 43. Rxa4 d2 44. Ra8+ Kf7 45. Rxh7 d1=Q 46.
Ra7+ Rd7 0-1

[Event "TV Borken 1 - SV Heiden 1"]
[Site "Verbandsliga 2015/2016"]
[Date "2015.09.12"]
[Round "1.8"]
[White "Klüppel, Ralf"]
[Black "Kloster, Elisabeth"]
[Result "1-0"]
[WhiteElo "1677"]
[BlackElo "1732"]
[PlyCount "63"]
[EventDate "2015.??.??"]
[SourceDate "2015.09.20"]

1. d4 Nf6 2. Nf3 g6 3. c4 Bg7 4. g3 d6 5. Bg2 O-O 6. O-O Bg4 7. Nc3 Nc6 8. d5
Bxf3 9. exf3 Ne5 10. Qe2 Rc8 11. Re1 Re8 12. Be3 a6 13. Rac1 c6 14. f4 Ned7 15.
dxc6 bxc6 16. Red1 c5 17. Bb7 Rb8 18. Bxa6 Qa5 19. Bb5 Red8 20. g4 Nb6 21. Rd3
Qa8 22. f3 d5 23. Bxc5 dxc4 24. Rxd8+ Rxd8 25. Bxb6 Rd3 26. Rd1 Nd5 27. Nxd5
Qxd5 28. Rxd3 cxd3 29. Qxd3 Qxa2 30. Bd4 Bxd4+ 31. Qxd4 Qb1+ 32. Kg2 1-0

[Event "SG Ahaus-Wessum 1 - SC Falke Saerbeck 1"]
[Site "Verbandsliga 2015/2016"]
[Date "2015.09.12"]
[Round "1.1"]
[White "Hegemann, Eike"]
[Black "Schulze Ameling, Hendrik"]
[Result "1/2-1/2"]
[WhiteElo "1985"]
[BlackElo "2025"]
[PlyCount "81"]
[EventDate "2015.??.??"]
[SourceDate "2015.09.20"]

1. e4 e6 2. d4 d5 3. Nc3 Nf6 4. Bg5 dxe4 5. f3 e3 6. Bxe3 Bb4 7. a3 Nd5 8. Bd2
Nxc3 9. bxc3 Bd6 10. Bd3 Qh4+ 11. Kf1 O-O 12. Ne2 e5 13. g3 Bh3+ 14. Kf2 Qe7
15. Re1 Qf6 16. dxe5 Bxe5 17. Nf4 Bd7 18. Nh5 Qd6 19. Qe2 Nc6 20. Qe4 f5 21.
Qh4 Qc5+ 22. Kg2 Rae8 23. Qc4+ Qxc4 24. Bxc4+ Kh8 25. Re2 Bd6 26. Nf4 Ne5 27.
Bb3 Bb5 28. Ree1 Nc4 29. a4 Ba6 30. Rxe8 Rxe8 31. Re1 Rxe1 32. Bxe1 Ne3+ 33.
Kg1 Nd1 34. Ne6 h6 35. Nd4 g6 36. Bd2 Kg7 37. f4 Kf6 38. Nb5 Bc5+ 39. Kg2 c6
40. Nd4 Nb2 41. Be3 1/2-1/2

[Event "SG Ahaus-Wessum 1 - SC Falke Saerbeck 1"]
[Site "Verbandsliga 2015/2016"]
[Date "2015.09.12"]
[Round "1.2"]
[White "Rosing, Hermann"]
[Black "Fischer, Andreas"]
[Result "1-0"]
[WhiteElo "1950"]
[BlackElo "1952"]
[PlyCount "91"]
[EventDate "2015.??.??"]
[SourceDate "2015.09.20"]

1. e4 e5 2. Nf3 d6 3. d4 Nf6 4. Nbd2 exd4 5. Nxd4 Be7 6. Bd3 Bd7 7. O-O Nc6 8.
c3 O-O 9. Re1 Re8 10. Nf1 Bf8 11. Bg5 Ne5 12. Bc2 Ng6 13. Qf3 h6 14. Bxf6 Qxf6
15. Qxf6 gxf6 16. Ng3 Bg7 17. Rad1 Re5 18. f3 Rae8 19. Kf2 Nf4 20. Nde2 Nxe2
21. Rxe2 Be6 22. Red2 Ra5 23. a3 Kf8 24. h3 Rd8 25. f4 Rb5 26. f5 Bc4 27. b4
Re5 28. Rd4 b5 29. Nh5 Rde8 30. R1d2 d5 31. exd5 Re3 32. Bd3 R3e5 33. g4 Bxd5
34. Bxb5 c6 35. Rxd5 cxb5 36. Rd7 Re3 37. R2d3 Re2+ 38. Kf3 Kg8 39. Nf4 Rc2 40.
Rc7 Re1 41. Rd8+ Kh7 42. Rdd7 Rec1 43. Nd5 Rh1 44. Rxf7 Rxh3+ 45. Ke4 Re2+ 46.
Kd4 1-0

[Event "SG Ahaus-Wessum 1 - SC Falke Saerbeck 1"]
[Site "Verbandsliga 2015/2016"]
[Date "2015.09.12"]
[Round "1.3"]
[White "Hoge, Reinhard"]
[Black "Bauland, Thomas"]
[Result "0-1"]
[WhiteElo "1927"]
[BlackElo "1862"]
[PlyCount "84"]
[EventDate "2015.??.??"]
[SourceDate "2015.09.20"]

1. c4 e5 2. g3 g6 3. Bg2 Bg7 4. Nc3 Nc6 5. e3 d6 6. Nge2 Nh6 7. O-O O-O 8. Rb1
a5 9. a3 Be6 10. Nd5 Qd7 11. b4 axb4 12. axb4 Bh3 13. b5 Na5 14. d3 Bxg2 15.
Kxg2 Nf5 16. Bd2 Ne7 17. Nec3 f5 18. b6 f4 19. Nxe7+ Qxe7 20. Nd5 Qd7 21. exf4
exf4 22. Bxf4 c5 23. Nc7 Rac8 24. Qf3 Kh8 25. Qd5 Rxf4 26. gxf4 Qg4+ 27. Kh1
Qxf4 28. Ne6 Qf7 29. Nxg7 Kxg7 30. Qxf7+ Kxf7 31. Kg2 Nc6 32. f4 Nb4 33. f5 g5
34. Rf3 Rc6 35. d4 Rxb6 36. dxc5 dxc5 37. Rd1 Kf6 38. Rd7 g4 39. Rf4 h5 40. Kg3
Nc2 41. h4 Rb3+ 42. Kf2 Ke5 0-1

[Event "SG Ahaus-Wessum 1 - SC Falke Saerbeck 1"]
[Site "Verbandsliga 2015/2016"]
[Date "2015.09.12"]
[Round "1.4"]
[White "Diehlmann, Christian"]
[Black "Kipp, Lucas"]
[Result "1/2-1/2"]
[WhiteElo "1874"]
[BlackElo "1869"]
[PlyCount "35"]
[EventDate "2015.??.??"]
[SourceDate "2015.09.20"]

1. d4 d5 2. c4 e6 3. Nc3 c5 4. Nf3 Nf6 5. cxd5 exd5 6. Bf4 Nc6 7. e3 a6 8. Be2
Be7 9. O-O O-O 10. Rc1 c4 11. a4 Bf5 12. b3 Ba3 13. bxc4 Bxc1 14. Qxc1 dxc4 15.
Qb2 Nd5 16. Nxd5 Qxd5 17. Qxb7 Be4 18. Qb2 1/2-1/2

[Event "SG Ahaus-Wessum 1 - SC Falke Saerbeck 1"]
[Site "Verbandsliga 2015/2016"]
[Date "2015.09.12"]
[Round "1.5"]
[White "Waltermann, Jens"]
[Black "Winking, Hendirk"]
[Result "1/2-1/2"]
[WhiteElo "1837"]
[BlackElo "1954"]
[PlyCount "39"]
[EventDate "2015.??.??"]
[SourceDate "2015.09.20"]

1. Nf3 d5 2. g3 c5 3. Bg2 Nc6 4. O-O e5 5. d3 Nf6 6. c4 d4 7. Na3 Be7 8. Bd2
O-O 9. Rb1 Rb8 10. Nc2 b5 11. cxb5 Rxb5 12. Na3 Rb8 13. Nc4 Qc7 14. e4 Bg4 15.
h3 Bxf3 16. Qxf3 Nd7 17. Qe2 Nb6 18. Rfc1 Nxc4 19. Rxc4 Qb6 20. b3 1/2-1/2

[Event "SG Ahaus-Wessum 1 - SC Falke Saerbeck 1"]
[Site "Verbandsliga 2015/2016"]
[Date "2015.09.12"]
[Round "1.6"]
[White "Woltering, Martin"]
[Black "Lutterbey, Ralf"]
[Result "0-1"]
[WhiteElo "1733"]
[BlackElo "1882"]
[PlyCount "32"]
[EventDate "2015.??.??"]
[SourceDate "2015.09.20"]

1. e4 d5 2. exd5 Qxd5 3. Nc3 Qa5 4. d4 e5 5. dxe5 Nc6 6. Bb5 Bb4 7. Bd2 Bd7 8.
Bxc6 Bxc6 9. Nf3 O-O-O 10. Qe2 Nh6 11. O-O Bxf3 12. gxf3 Nf5 13. Rad1 Nd4 14.
Qe4 Qxe5 15. Bf4 Qxe4 16. fxe4 Bxc3 0-1

[Event "SG Ahaus-Wessum 1 - SC Falke Saerbeck 1"]
[Site "Verbandsliga 2015/2016"]
[Date "2015.09.12"]
[Round "1.7"]
[White "Schröter, Manfred"]
[Black "Kemper, Josef"]
[Result "0-1"]
[WhiteElo "1844"]
[BlackElo "1828"]
[PlyCount "88"]
[EventDate "2015.??.??"]
[SourceDate "2015.09.20"]

1. e4 e5 2. Nf3 Nf6 3. Nc3 Nc6 4. Bc4 Bc5 5. d3 h6 6. a3 d6 7. Na4 Bb6 8. Nxb6
axb6 9. h3 Qe7 10. Be3 Be6 11. Bxe6 Qxe6 12. Qd2 d5 13. exd5 Nxd5 14. O-O O-O-O
15. Rfe1 g5 16. c4 Nde7 17. c5 g4 18. hxg4 Qxg4 19. Nh2 Qg6 20. cxb6 Rhg8 21.
f3 Rxd3 22. Qf2 Nd5 23. Nf1 cxb6 24. Rac1 Kb8 25. Rc2 Nce7 26. Rd2 Rxd2 27.
Qxd2 Nf5 28. g4 Ndxe3 29. Nxe3 Nd4 30. Qd1 h5 31. Nd5 Qd6 32. Ne3 hxg4 33. fxg4
Qc6 34. Kf2 Qh6 35. Ng2 Qf6+ 36. Kg3 Nf5+ 37. Kf2 Nh4+ 38. Kg3 Nf5+ 39. Kf2
Nd4+ 40. Kg3 Qd6 41. Ne3 f5 42. Nc4 f4+ 43. Kf2 Qc5 44. Nxe5 Nc6+ 0-1

[Event "SG Ahaus-Wessum 1 - SC Falke Saerbeck 1"]
[Site "Verbandsliga 2015/2016"]
[Date "2015.09.12"]
[Round "1.8"]
[White "Terdues, Guido"]
[Black "Bartsch, Rainer"]
[Result "1-0"]
[WhiteElo "1703"]
[BlackElo "1787"]
[PlyCount "71"]
[EventDate "2015.??.??"]
[SourceDate "2015.09.20"]

1. f4 d5 2. Nf3 g6 3. e3 Bg7 4. Nc3 Nf6 5. b3 O-O 6. Bb2 c5 7. Ne5 Nbd7 8. Be2
Nxe5 9. fxe5 Ne4 10. d4 Qa5 11. Qd3 Bf5 12. g4 Nf2 13. Qd2 Nxg4 14. h3 Nh6 15.
O-O-O cxd4 16. exd4 Rac8 17. a3 a6 18. Bd3 e6 19. Rh2 b5 20. Kb1 Rc6 21. Nxd5
Qd8 22. Ne3 Bxd3 23. Qxd3 Qa5 24. h4 Rd8 25. Qe4 Qc7 26. Rg1 Nf5 27. Nxf5 exf5
28. Qg2 Qb7 29. h5 Rc7 30. hxg6 fxg6 31. Qh3 Qc6 32. Qxh7+ Kf8 33. Qxg6 Qe4 34.
Rf1 Kg8 35. Qxf5 Qxf5 36. Rxf5 1-0

[Event "SF Olfen 1 - SC Rochade Emsdetten 2"]
[Site "Verbandsliga 2015/2016"]
[Date "2015.09.12"]
[Round "1.1"]
[White "Lücke, Thomas"]
[Black "Koke, Christoph"]
[Result "1/2-1/2"]
[WhiteElo "1801"]
[BlackElo "2070"]
[PlyCount "27"]
[EventDate "2015.??.??"]
[SourceDate "2015.09.20"]

1. d4 Nf6 2. c4 g6 3. Nc3 d5 4. Bf4 Bg7 5. Rc1 O-O 6. Nf3 c6 7. e3 a6 8. cxd5
cxd5 9. Qb3 Nc6 10. Bd3 e6 11. O-O Nh5 12. Bg5 Bf6 13. Bxf6 Nxf6 14. Na4
1/2-1/2

[Event "SF Olfen 1 - SC Rochade Emsdetten 2"]
[Site "Verbandsliga 2015/2016"]
[Date "2015.09.12"]
[Round "1.2"]
[White "Bösel, Alexander"]
[Black "Hedwig, Johannes"]
[Result "1/2-1/2"]
[WhiteElo "1961"]
[BlackElo "1809"]
[PlyCount "102"]
[EventDate "2015.??.??"]
[SourceDate "2015.09.20"]

1. c4 e5 2. Nc3 Nc6 3. g3 g6 4. Bg2 Bg7 5. d3 Nge7 6. Bg5 h6 7. Bd2 d6 8. e3
Bf5 9. e4 Be6 10. Nge2 Qd7 11. Nd5 f5 12. O-O fxe4 13. dxe4 O-O 14. Re1 Rf7 15.
Be3 Bg4 16. Qa4 Bf3 17. c5 Bxg2 18. Kxg2 dxc5 19. Rad1 Nxd5 20. Rxd5 Qg4 21.
Rxc5 Qf3+ 22. Kg1 Raf8 23. Rxc6 bxc6 24. Qxc6 h5 25. h4 Kh7 26. Nc3 Bh6 27.
Bxa7 g5 28. Be3 Rg8 29. Qa6 Rg6 30. Qe2 Qxe2 31. Rxe2 gxh4 32. Bxh6 Kxh6 33.
Kg2 hxg3 34. fxg3 Rfg7 35. Re3 h4 36. Ne2 hxg3 37. Nxg3 Rd7 38. Kf3 Kg7 39.
Nf5+ Kf6 40. a4 c5 41. Rc3 Rb7 42. Rxc5 Rxb2 43. a5 Ra2 44. Ne3 Ra3 45. Kf2 Rg8
46. Nc4 Ra2+ 47. Kf3 Re8 48. Ke3 Rh8 49. Rxe5 Rc8 50. Rf5+ Kg6 51. Kd3 Ra1
1/2-1/2